Construcción de terapias familiares sistémicas

Saved in:
Bibliografiske detaljer
Main Authors: Keeney, Bradford P (Author), Ross, Jeffrey M (Author)
Format: Bog
Sprog:spansk
Udgivet: Buenos Aires Amorrortu 1985
Serier:Biblioteca de Psicología y Psicoanálisis
Fag:
Tags: Tilføj Tag
Ingen Tags, Vær først til at tagge denne postø!

MARC

LEADER 00000nam a2200000 a 4500
001 UCW7081
003 CL-VaPUC
008 920831e19850000AG |||||||||||||||||spa|d
082 0 4 |a 616.89156  |b KEE  |2 21 
100 |a Keeney, Bradford P  |e author  |9 496157 
700 0 |a Ross, Jeffrey M  |e author  |9 312198 
245 1 0 |a Construcción de terapias familiares sistémicas 
300 |a 256 p 
942 |c BK 
945 |d 19920831 00:00:00 
260 |a Buenos Aires  |b Amorrortu  |c 1985 
650 0 |a Psicoterapia familiar  |9 310747 
583 |a last modification  |c 19920831 00:00:00  |k Rodrigo Vera 
490 0 |a Biblioteca de Psicología y Psicoanálisis 
999 |c 219961  |d 219959 
952 |0 0  |1 0  |4 0  |6 616_891560000000000_KEE_1985  |7 0  |8 A  |9 211548  |a BIBEDU  |b BIBEDU  |c ES_NOD  |d 2019-11-15  |i 2797372  |o 616.89156 KEE 1985  |p 2797372  |r 2023-08-09  |w 2019-11-15  |y BK  |k EDU